Catalog

Record Details

Catalog Search



Tajemství modlitby / Bedřich Heiler, překlad A.D. Molnár Cover Image Book Book

Tajemství modlitby / Bedřich Heiler, překlad A.D. Molnár

Heiler, Bedřich (Author). : : (Author). Molnár, A.D. (Added Author).

Record details

  • Physical Description: 20 s.
  • Edition: Druhé vydání
  • Publisher: Praha : Nákladem Pražského seniorátu Českobratrské církve evangelické, 1941

Available copies

  • 1 of 1 copy available at Common Catalog SPOK.

Holds

  • 0 current holds with 1 total copy.
Show Only Available Copies
Location Call Number / Copy Notes Barcode Shelving Location Status Due Date
ETS Library 264.1 424470015617 Volný výběr Available -

LDR 00765nam a2200265 i 4500
00133322
003CZ-PrJAB
00520171021095309.0
007ta
008 s1941 xr e 000 0 cze
035 . ‡a(CONS)12915
040 . ‡aABG450 ‡bcze ‡erda
072 7. ‡2Konspekt
082 . ‡a264.1
1001 . ‡aHeiler, Bedřich
1112 . ‡n: ‡d:
24510. ‡aTajemství modlitby / ‡bBedřich Heiler, překlad A.D. Molnár
250 0. ‡aDruhé vydání
264 1. ‡aPraha : ‡bNákladem Pražského seniorátu Českobratrské církve evangelické, ‡c1941
300 . ‡a20 s.
336 . ‡atext ‡btxt ‡2rdacontent
338 . ‡asvazek ‡bnc ‡2rdacarrier
7001 . ‡aMolnár, A.D.
8524 . ‡bETS ‡bETS ‡cVolný výběr ‡j264.1 ‡p424470015617 ‡y$50.00
910 . ‡aABG450
999 . ‡a12915 ‡c12915 ‡tbiblio
905 . ‡uadmin
901 . ‡a33322 ‡b ‡c33322 ‡tbiblio ‡sets

Additional Resources